000
00229nam a2200097Ia 4500
001
656546
005
20250826154558.0
008
250824s9999 xx 000 0 und d
245
0
_a
Akıl Labirenti
_c
Markus Sakey
260
_b
KORİDOR
999
_c
656546
_d
656546